Normal view
MARC view
- Lewis, Bernard
Entry Personal Name
001 - CONTROL NUMBER
- control field: 60364
003 - CONTROL NUMBER IDENTIFIER
- control field: NUST
005 - DATE AND TIME OF LATEST TRANSACTION
- control field: 20210628202529.0
008 - FIXED-LENGTH DATA ELEMENTS
- fixed length control field: 210628|| aca||aabn | a|a d
040 ## - CATALOGING SOURCE
- Original cataloging agency: NUST
- Transcribing agency: NUST
100 ## - HEADING--PERSONAL NAME
- Personal name: Lewis, Bernard
670 ## - SOURCE DATA FOUND
- Source citation: Work cat.: (NUST): Lewis, Bernard, The crisis of islam ,holy war and unholy terror, 2003
